| 000 | 00887nam a2200409Ia 4500 | ||
|---|---|---|---|
| 001 | 100433 | ||
| 003 | 183900 | ||
| 005 | 20250306110640.0 | ||
| 008 | ||||||n9999 ||| || || | ||
| 100 |
_aHilton, Rodney _9122291 |
||
| 245 | 0 | _aConflicto de clases y crisis del feudalismo | |
| 562 | _e1 | ||
| 650 |
_aCONFLICTO DE CLASES _9122292 |
||
| 650 |
_aCRISIS DEL FEUDALISMO _9122293 |
||
| 650 | 0 |
_aFeudalismo _94349 |
|
| 650 | 0 |
_aLuchas sociales _92040 |
|
| 942 | _cBKM | ||
| 999 |
_c100433 _d100433 |
||
| 526 | _a17598 | ||
| 526 | _a102617 | ||
| 526 | _a102618 | ||
| 526 | _a15794 | ||
| 526 | _a102620 | ||
| 526 | _a10406 | ||
| 526 | _a105630 | ||
| 526 | _a1698 | ||
| 526 | _a116204 | ||
| 526 | _a4969 | ||
| 526 | _a19790 | ||
| 526 | _a104436 | ||
| 526 | _a5144 | ||
| 526 | _a51868 | ||
| 526 | _a3899 | ||
| 526 | _a9683 | ||
| 526 | _a | ||
| 526 | _a1703 | ||
| 526 | _a1697 | ||